000 00668nam a22001337a 4500
040 _cRUA
082 _aAGE MEA 2018 B659 Or.1
100 _aMEAN CHAN MAKARA,មាន ចន្ទមករា
245 _aeffects of direct seeder equipped with two-wheel tractor on growth and yield of sen pidor rice variety, ឥទិ្ធពលនៃឧបករណ៍ដាំគ្រាប់បំពាក់ជាមួយគោយន្តលើការលូតលាស់និងទិន្នផលស្រូវពូជសែនពិដោរ
260 _aphnom penh
_bRUA
_c2018
300 _axi;51p;
_bill;
_c29cm;
856 _uMEAN CHAN MAKARA
942 _cAGE
999 _c19138
_d19138